Central Library OPAC University of Rajshahi
Normal view MARC view

Entry Topical Term

Number of records used in: 2

001 - CONTROL NUMBER

  • control field: 16640

003 - CONTROL NUMBER IDENTIFIER

  • control field: BD-RjUL

005 - DATE AND TIME OF LATEST TRANSACTION

  • control field: 20250825100745.0

008 - FIXED-LENGTH DATA ELEMENTS

  • fixed length control field: 250825|| aca||aabn | a|a d

040 ## - CATALOGING SOURCE

  • Original cataloging agency: BD-RjUL
  • Transcribing agency: BD-RjUL

150 ## - HEADING--TOPICAL TERM

  • Topical term or geographic name entry element: Urdu Poets,
  • Form subdivision: Biographies Poets,
  • Chronological subdivision: 1700-1799

670 ## - SOURCE DATA FOUND

  • Source citation: Work cat.: (BD-RjUL)85559: ساحل , احمد۔ ;;; Aḥmad,Sāḥil 16639, ولى، فن و شخصىت اور كلام / Walī, fann wa shak̲h̲ṣiyyat aur kalām /, 1979